|
|
|
|
| LEADER |
00000nam0a2200000 4500 |
| 001 |
10188 |
| 005 |
20241022123017.0 |
| 010 |
|
|
|a 5250027091
|
| 035 |
|
|
|a (RuTPU)RU\TPU\book\10247
|
| 035 |
|
|
|a BOOK00010311
|
| 090 |
|
|
|a 10188
|
| 100 |
|
|
|a 20011209d1999 m y0rusy50 ca
|
| 101 |
0 |
|
|a rus
|
| 102 |
|
|
|a RU
|
| 105 |
|
|
|a y z 000ab
|
| 200 |
1 |
|
|a Загадочный Пушкин
|f В. В. Вересаев
|
| 210 |
|
|
|a Москва
|c Республика
|d 1999
|
| 215 |
|
|
|a 399 с.
|
| 600 |
|
1 |
|a Пушкин
|g Александр Сергеевич
|c русский писатель, поэт
|f 1799 - 1837
|b А. С.
|2 stltpui
|3 (RuTPU)RU\TPU\pers\1026
|
| 610 |
1 |
|
|a литературоведение
|
| 610 |
1 |
|
|a русская литература
|
| 610 |
1 |
|
|a 19 век
|
| 675 |
|
|
|a 8Р1(092)Пушкин А.С.
|v 3
|
| 700 |
|
1 |
|a Вересаев
|b В. В.
|c русский писатель
|f 1867-1945
|g Викентий Викентьевич
|3 (RuTPU)RU\TPU\pers\37670
|
| 801 |
|
0 |
|a RU
|b 63413507
|c 20011209
|g PSBO
|
| 801 |
|
2 |
|a RU
|b 63413507
|c 20161219
|g PSBO
|
| 942 |
|
|
|c BK
|